[Event "SEA Blitz Team 31st"]
[Site "Ha Long"]
[Date "2022.05.21"]
[Round "4"]
[White "Ali, Muhammad Lutfi"]
[Black "Myint, Han"]
[Result "1-0"]
[WhiteElo "2379"]
[BlackElo "2319"]
[PlyCount "63"]
[EventDate "2022.05.21"]
[EventType "team-tourn (blitz)"]
[EventRounds "5"]
[EventCountry "VIE"]
[SourceTitle "CBM 208 Extra"]
[Source "ChessBase"]
[SourceDate "2022.07.31"]
[SourceVersion "1"]
[SourceVersionDate "2022.07.31"]
[SourceQuality "1"]
[WhiteTeam "Indonesia"]
[BlackTeam "Myanmar"]
[WhiteTeamCountry "INA"]
[BlackTeamCountry "MYA"]

1. e4 c5 2. Nf3 e6 3. g3 Qc7 4. Bg2 Nc6 5. 0-0 Nf6 6. Qe2 d6 7. Rd1 Be7 8. c3 0-0 9. d4 e5 10. dxe5 dxe5 11. a4 h6 12. Na3 a6 13. Nc4 Be6 14. Nfd2 Rad8 15. Ne3 Rfe8 16. Ndc4 b5 17. axb5 axb5 18. Na3 Rxd1+ 19. Qxd1 b4 20. Nac4 Rd8 21. Nd5 Qb7 22. Be3 Bf8 23. Na5 Nxa5 24. Nxf6+ gxf6 25. Qxd8 Nc6 26. Qxf6 Bg7 27. Qh4 bxc3 28. bxc3 Qb2 29. Rc1 Nd4 30. cxd4 cxd4 31. Bxh6 d3 32. Qg5 1-0

[Event "SEA Blitz Team 31st"]
[Site "Ha Long"]
[Date "2022.05.21"]
[Round "2"]
[White "Laohawirapap, Prin"]
[Black "Myint, Han"]
[Result "0-1"]
[WhiteElo "2210"]
[BlackElo "2319"]
[PlyCount "100"]
[EventDate "2022.05.21"]
[EventType "team-tourn (blitz)"]
[EventRounds "5"]
[EventCountry "VIE"]
[SourceTitle "CBM 208 Extra"]
[Source "ChessBase"]
[SourceDate "2022.07.31"]
[SourceVersion "1"]
[SourceVersionDate "2022.07.31"]
[SourceQuality "1"]
[WhiteTeam "Thailand"]
[BlackTeam "Myanmar"]
[WhiteTeamCountry "THA"]
[BlackTeamCountry "MYA"]

1. e4 c5 2. Nf3 e6 3. g3 Qc7 4. Bg2 Nc6 5. 0-0 Nf6 6. Re1 d6 7. c3 Be7 8. d4 e5 9. Nbd2 0-0 10. d5 Nb8 11. Nf1 Re8 12. Nh4 Bf8 13. Qc2 g6 14. Bg5 Bg7 15. Rad1 b5 16. a4 a6 17. Ne3 Nbd7 18. Bf1 c4 19. axb5 axb5 20. b3 cxb3 21. Qxb3 Nc5 22. Qxb5 Bd7 23. Qc4 Nfxe4 24. Nf3 Ra4 25. Qe2 Nxc3 26. Qc2 Nxd1 27. Nxd1 Qa5 28. Bd2 Qa8 29. Ne3 Ra2 30. Qd1 e4 31. Nh4 Ba4 32. Qb1 Rxd2 33. Nc4 Rc2 34. Nb6 Qa7 35. Nxa4 Qxa4 36. Bb5 Rb8 37. Bxa4 Rxb1 38. Rxb1 Nxa4 39. Rb8+ Bf8 40. h3 Nc5 41. Re8 Kg7 42. Ng2 Rc1+ 43. Kh2 Nd3 44. Ne3 Nxf2 45. g4 Re1 46. Nc4 Nd3 47. g5 Ne5 48. Na5 e3 49. Kg2 Rc1 50. Nc6 e2 0-1

[Event "SEA Blitz Team 31st"]
[Site "Ha Long"]
[Date "2022.05.21"]
[Round "5"]
[White "Myint, Han"]
[Black "Le, Tuan Minh"]
[Result "0-1"]
[WhiteElo "2319"]
[BlackElo "2514"]
[PlyCount "88"]
[EventDate "2022.05.21"]
[EventType "team-tourn (blitz)"]
[EventRounds "5"]
[EventCountry "VIE"]
[SourceTitle "CBM 208 Extra"]
[Source "ChessBase"]
[SourceDate "2022.07.31"]
[SourceVersion "1"]
[SourceVersionDate "2022.07.31"]
[SourceQuality "1"]
[WhiteTeam "Myanmar"]
[BlackTeam "Vietnam"]
[WhiteTeamCountry "MYA"]
[BlackTeamCountry "VIE"]

1. d4 d5 2. Nf3 Nf6 3. c4 c6 4. g3 Bf5 5. Bg2 e6 6. 0-0 Be7 7. Nc3 0-0 8. Bf4 Nbd7 9. Ne5 h6 10. h3 Qb6 11. Nxd7 Nxd7 12. Qd2 dxc4 13. e4 Bg6 14. Rfd1 Rfd8 15. Qe2 Bf6 16. Qxc4 e5 17. Be3 exd4 18. Bxd4 Ne5 19. Bxb6 Rxd1+ 20. Rxd1 Nxc4 21. Bd4 Nxb2 22. Rd2 Nc4 23. Rd1 Nb2 24. Rd2 Rd8 25. Rxb2 Bxd4 26. Rd2 Bf6 27. Rxd8+ Bxd8 28. f4 f6 29. Kf2 Bf7 30. Ke3 Ba5 31. Kd3 Bxc3 32. Kxc3 Bxa2 33. e5 fxe5 34. fxe5 Kf7 35. Kd4 Ke6 36. Bf3 Bd5 37. Bg4+ Ke7 38. h4 b6 39. Ke3 a5 40. Kd4 a4 41. Kc3 c5 42. Bd1 b5 43. Be2 b4+ 44. Kb2 Ke6 0-1

[Event "Asia-ch Seniors 50"]
[Site "Mandalay"]
[Date "2016.11.03"]
[Round "8"]
[White "Myint, Han"]
[Black "Nyi Nyi, Lwin"]
[Result "1-0"]
[WhiteElo "2281"]
[BlackElo "2210"]
[PlyCount "65"]
[EventDate "2016.10.26"]
[EventType "swiss"]
[EventRounds "9"]
[EventCountry "MYA"]
[SourceTitle "CBM 175 Extra"]
[Source "ChessBase"]
[SourceDate "2016.12.12"]
[SourceVersion "1"]
[SourceVersionDate "2016.12.12"]
[SourceQuality "1"]

1. e4 e5 2. Nf3 Nc6 3. Bb5 Nf6 4. 0-0 Be7 5. Re1 d6 6. c3 Bd7 7. d4 0-0 8. h3 Re8 9. Nbd2 Bf8 10. d5 Ne7 11. Bxd7 Qxd7 12. Qb3 c6 13. c4 Ng6 14. Nf1 cxd5 15. cxd5 h6 16. Ng3 Rac8 17. Be3 a6 18. a4 Kh7 19. Nd2 Be7 20. Nc4 Bd8 21. Rec1 Nf4 22. Rc2 b5 23. axb5 axb5 24. Nxd6 Nxh3+ 25. gxh3 Qxh3 26. Rxc8 Ng4 27. Nxe8 Bg5 28. Bb6 Nh2 29. Raa8 Bf4 30. Nf6+ Kg6 31. Nfh5 Nf1 32. Qf3 Nd2 33. Nxf4+ 1-0

[Event "Asia-ch Seniors 50"]
[Site "Mandalay"]
[Date "2016.10.29"]
[Round "3"]
[White "Mohandesi, Shahin"]
[Black "Myint, Han"]
[Result "1-0"]
[WhiteElo "2199"]
[BlackElo "2281"]
[PlyCount "71"]
[EventDate "2016.10.26"]
[EventType "swiss"]
[EventRounds "9"]
[EventCountry "MYA"]
[SourceTitle "CBM 175 Extra"]
[Source "ChessBase"]
[SourceDate "2016.12.12"]
[SourceVersion "1"]
[SourceVersionDate "2016.12.12"]
[SourceQuality "1"]

1. d4 Nf6 2. Nf3 e6 3. Bg5 d5 4. e3 Be7 5. Bd3 c5 6. c3 Nc6 7. Nbd2 h6 8. Bh4 Qb6 9. Rb1 cxd4 10. exd4 Bd7 11. 0-0 g5 12. Bg3 Nh5 13. b4 Nxg3 14. hxg3 g4 15. b5 Nb4 16. cxb4 gxf3 17. Nxf3 Bxb5 18. Bxb5+ Qxb5 19. Ne5 Bf6 20. a4 Qb6 21. a5 Qb5 22. Qh5 Bxe5 23. Qxe5 Ke7 24. Rfc1 Rac8 25. Rc7+ Rxc7 26. Qxc7+ Qd7 27. Qc5+ Kf6 28. Qxa7 Rc8 29. a6 Rc7 30. b5 bxa6 31. Qxa6 Ra7 32. Qb6 Ra4 33. Qb8 Ke7 34. b6 Qc6 35. Qf4 Qc2 36. Rc1 1-0

[Event "Olympiad-42"]
[Site "Baku"]
[Date "2016.09.06"]
[Round "5.2"]
[White "Myint, Han"]
[Black "Dominguez, Jose Manuel"]
[Result "1-0"]
[WhiteElo "2289"]
[BlackElo "2273"]
[PlyCount "125"]
[EventDate "2016.09.02"]
[EventType "team-swiss"]
[EventRounds "11"]
[EventCountry "AZE"]
[SourceTitle "CBM 175"]
[Source "ChessBase"]
[SourceDate "2016.11.10"]
[SourceVersion "1"]
[SourceVersionDate "2016.11.10"]
[SourceQuality "1"]
[WhiteTeam "Myanmar"]
[BlackTeam "Dominican Republic"]
[WhiteTeamCountry "MYA"]
[BlackTeamCountry "DOM"]

1. e4 e5 2. Nf3 Qe7 3. Nc3 c6 4. a4 d6 5. Bc4 Bg4 6. h3 Bh5 7. d3 Qc7 8. g4 Bg6 9. Nh4 Nd7 10. Be3 Nc5 11. Nxg6 hxg6 12. d4 exd4 13. Qxd4 Nf6 14. 0-0-0 Be7 15. f3 a6 16. Bf4 Ncd7 17. Bxd6 Bxd6 18. Qxd6 Qxd6 19. Rxd6 Ne5 20. Be2 g5 21. Nd1 Ke7 22. Rd2 Nfd7 23. Ne3 g6 24. h4 Nc5 25. h5 Nxa4 26. Nc4 Nxc4 27. Bxc4 Nb6 28. Bd3 Nd7 29. Rdh2 Ne5 30. Be2 Rh6 31. Kd2 Kf6 32. Ke3 Rah8 33. b4 Rd8 34. f4 gxf4+ 35. Kxf4 g5+ 36. Ke3 Ke7 37. Rf2 f6 38. Ra1 Rd6 39. Rf5 Rh8 40. Ra5 Re6 41. c4 Nf7 42. Rf1 Rd8 43. c5 Ne5 44. Raa1 Kf7 45. Rad1 Ree8 46. Ra1 Re7 47. Rf5 Kg7 48. Raf1 Rf7 49. Rh1 Rfd7 50. Rhf1 Rd2 51. Rxe5 fxe5 52. Rf5 Rb2 53. Rxg5+ Kh7 54. Rxe5 Rxb4 55. g5 a5 56. Re7+ Kh8 57. Bg4 Rg8 58. g6 Rg7 59. Re6 a4 60. h6 a3 61. Re8+ Rg8 62. Rxg8+ Kxg8 63. Be6+ 1-0

[Event "Olympiad-42"]
[Site "Baku"]
[Date "2016.09.05"]
[Round "4.2"]
[White "Myint, Han"]
[Black "De la Riva Aguado, Oscar"]
[Result "1/2-1/2"]
[WhiteElo "2289"]
[BlackElo "2503"]
[PlyCount "67"]
[EventDate "2016.09.02"]
[EventType "team-swiss"]
[EventRounds "11"]
[EventCountry "AZE"]
[SourceTitle "CBM 175"]
[Source "ChessBase"]
[SourceDate "2016.11.10"]
[SourceVersion "1"]
[SourceVersionDate "2016.11.10"]
[SourceQuality "1"]
[WhiteTeam "Myanmar"]
[BlackTeam "Andorra"]
[WhiteTeamCountry "MYA"]
[BlackTeamCountry "AND"]

1. e4 c5 2. a3 g6 3. b4 Bg7 4. Nc3 d6 5. Nf3 Nf6 6. bxc5 0-0 7. Rb1 dxc5 8. Bc4 Nc6 9. h3 Ne8 10. Qe2 Nd6 11. Bd5 Nd4 12. Nxd4 cxd4 13. Nb5 e6 14. Ba2 Nxe4 15. Qxe4 a6 16. Nxd4 Bxd4 17. 0-0 Rb8 18. c3 Bg7 19. d4 b5 20. Bf4 Bb7 21. Qe3 Rc8 22. a4 Qd7 23. axb5 axb5 24. Rfc1 Ra8 25. Bb3 Rfc8 26. Bd1 Bd5 27. Be2 Ra5 28. h4 Bc4 29. Bf3 Ra3 30. h5 Bd5 31. Be2 Bc4 32. Bf3 Bd5 33. Be2 Bc4 34. Bf3 1/2-1/2

[Event "MYA-ch 42nd"]
[Site "Yangon"]
[Date "2016.06.24"]
[Round "?"]
[White "Htay, Min Lwin"]
[Black "Myint, Han"]
[Result "0-1"]
[WhiteElo "2174"]
[BlackElo "2239"]
[PlyCount "148"]
[EventDate "2016.06.20"]
[EventType "tourn"]
[EventRounds "15"]
[EventCountry "MYA"]
[SourceTitle "EXT 2018"]
[Source "ChessBase"]
[SourceDate "2017.10.13"]
[SourceVersion "1"]
[SourceVersionDate "2017.10.13"]
[SourceQuality "1"]

1. c4 Nf6 2. Nc3 g6 3. g3 Bg7 4. Bg2 0-0 5. Nf3 d6 6. 0-0 Nc6 7. d4 Bg4 8. h3 Bd7 9. e4 e5 10. Be3 exd4 11. Nxd4 Re8 12. Re1 a6 13. Rc1 Rb8 14. Qd2 Ne5 15. Qe2 Qc8 16. Kh2 h5 17. f4 Nc6 18. Qf2 Nxd4 19. Bxd4 c5 20. Bxf6 Bxf6 21. Rcd1 Bd4 22. Rxd4 cxd4 23. Qxd4 Qc5 24. Rd1 Be6 25. Bf1 Qxd4 26. Rxd4 Red8 27. Be2 Kg7 28. g4 hxg4 29. hxg4 f6 30. f5 Bf7 31. Kg3 g5 32. a4 Rbc8 33. Kf2 Kf8 34. Ke3 Ke7 35. b3 Rh8 36. Rd1 Rh3+ 37. Kd4 Kd7 38. b4 Rh2 39. Rc1 Rch8 40. a5 R8h3 41. Rc2 Rg3 42. c5 Kc7 43. cxd6+ Kxd6 44. b5 Be8 45. bxa6 bxa6 46. Ra2 Bc6 47. Rd2 Rhh3 48. Rc2 Rh2 49. Rd2 Bb7 50. Rb2 Bc6 51. Rd2 Rgg2 52. Ra2 Bb5 53. Nxb5+ axb5 54. e5+ fxe5+ 55. Ke3 Rg3+ 56. Ke4 Rxg4+ 57. Kf3 Ra4 58. Rd2+ Kc5 59. Rc2+ Rc4 60. Ra2 Rf4+ 61. Kg3 Rxe2 62. Rxe2 Rxf5 63. Kg4 Rf4+ 64. Kxg5 Kd5 65. a6 Ra4 66. Kf5 Rxa6 67. Rxe5+ Kc4 68. Re4+ Kd3 69. Rb4 Rb6 70. Ke5 Kc3 71. Rh4 b4 72. Rh3+ Kc4 73. Rh4+ Kb5 74. Ke4 Rd6 0-1

[Event "Asia-ch Seniors 50"]
[Site "Larestan"]
[Date "2015.09.27"]
[Round "4"]
[White "Myint, Han"]
[Black "Mohandesi, Shahin"]
[Result "1-0"]
[WhiteElo "2281"]
[BlackElo "2204"]
[PlyCount "81"]
[EventDate "2015.09.25"]
[EventType "swiss"]
[EventRounds "9"]
[EventCountry "IRI"]
[SourceTitle "EXT 2017"]
[Source "ChessBase"]
[SourceDate "2016.10.25"]
[SourceVersion "1"]
[SourceVersionDate "2016.10.25"]
[SourceQuality "1"]

1. e4 c5 2. Nf3 Nc6 3. Bb5 Na5 4. Be2 e6 5. Nc3 a6 6. d4 cxd4 7. Nxd4 b5 8. 0-0 Bb7 9. a3 Rc8 10. Bd3 Nc4 11. Qe2 Qc7 12. Kh1 Nf6 13. f4 Qc5 14. Nf3 Qh5 15. e5 Ng4 16. h3 Nh6 17. Ne4 Nf5 18. Kh2 Nh4 19. a4 Nxf3+ 20. Rxf3 d5 21. Ng3 Qh4 22. b3 Be7 23. axb5 axb5 24. Ra7 Bc6 25. c3 Bc5 26. Ra2 Nb6 27. f5 0-0 28. f6 g5 29. b4 d4 30. Ne4 Bxe4 31. Bxe4 d3 32. Rxd3 Nd5 33. Bxd5 exd5 34. bxc5 Kh8 35. Rd4 Qh6 36. Qg4 Rxc5 37. Ba3 Ra8 38. Bxc5 Rxa2 39. Rxd5 Ra8 40. e6 fxe6 41. Rxg5 1-0

[Event "Asia-ch Seniors 50"]
[Site "Larestan"]
[Date "2015.09.26"]
[Round "2"]
[White "Myint, Han"]
[Black "Yousefian, M Ali"]
[Result "1-0"]
[WhiteElo "2281"]
[BlackElo "1918"]
[PlyCount "115"]
[EventDate "2015.09.25"]
[EventType "swiss"]
[EventRounds "9"]
[EventCountry "IRI"]
[SourceTitle "EXT 2017"]
[Source "ChessBase"]
[SourceDate "2016.10.25"]
[SourceVersion "1"]
[SourceVersionDate "2016.10.25"]
[SourceQuality "1"]

1. e4 c5 2. Nf3 e6 3. d4 cxd4 4. Nxd4 Nf6 5. Nc3 d6 6. g4 h6 7. Rg1 Nc6 8. Be3 Bd7 9. h4 Nxd4 10. Bxd4 Bc6 11. Qd3 d5 12. exd5 Nxd5 13. 0-0-0 Qa5 14. Bg2 0-0-0 15. Qc4 Kb8 16. Be5+ Ka8 17. Bxd5 exd5 18. Qf4 Rd7 19. Rge1 f6 20. Bd4 Bd6 21. Qf5 Bc5 22. a3 Bxd4 23. Rxd4 a6 24. Re3 Rhd8 25. a4 Qc5 26. Qd3 a5 27. Ne2 Re7 28. Nf4 Rxe3 29. fxe3 Re8 30. Nxd5 Bxd5 31. Rxd5 Qxe3+ 32. Qxe3 Rxe3 33. Rxa5+ Kb8 34. g5 fxg5 35. hxg5 h5 36. g6 Rg3 37. Rxh5 Rxg6 38. b3 Rg2 39. Kb2 g5 40. Rh7 Ka7 41. Rg7 g4 42. b4 g3 43. Kb3 Rg1 44. a5 g2 45. Kc4 Ka6 46. Kc5 Ka7 47. Kb5 Kb8 48. Kb6 Kc8 49. b5 Rf1 50. Rg8+ Kd7 51. Rxg2 Ra1 52. c4 Ra4 53. c5 Ke6 54. Rg7 Kd5 55. Rxb7 Rb4 56. Rh7 Rb1 57. a6 Kc4 58. Rh4+ 1-0

[Event "Asia-ch Seniors 50"]
[Site "Larestan"]
[Date "2015.09.25"]
[Round "1"]
[White "Barati, Mahmoud"]
[Black "Myint, Han"]
[Result "0-1"]
[WhiteElo "1585"]
[BlackElo "2281"]
[PlyCount "106"]
[EventDate "2015.09.25"]
[EventType "swiss"]
[EventRounds "9"]
[EventCountry "IRI"]
[SourceTitle "EXT 2017"]
[Source "ChessBase"]
[SourceDate "2016.10.25"]
[SourceVersion "1"]
[SourceVersionDate "2016.10.25"]
[SourceQuality "1"]

1. e4 c5 2. Nf3 d6 3. d4 cxd4 4. Nxd4 Nf6 5. Nc3 a6 6. Be2 e5 7. Nf3 h6 8. h3 Be6 9. Be3 Nbd7 10. a3 Rc8 11. 0-0 Be7 12. Re1 0-0 13. Rc1 Rxc3 14. bxc3 Nxe4 15. c4 Nc3 16. Qd3 Nxe2+ 17. Qxe2 Qc7 18. Nd2 Nb6 19. Bxb6 Qxb6 20. Rb1 Qc7 21. Qe4 Rb8 22. c5 dxc5 23. Qxe5 Bd6 24. Qe4 b5 25. c4 Bf4 26. Rbd1 Bg5 27. cxb5 axb5 28. Nf3 Bf6 29. Qd3 Qa5 30. Qd6 Qa7 31. Ne5 Re8 32. Nc6 Qxa3 33. Rc1 Bc3 34. Red1 Kh8 35. Nd8 Bd4 36. Nxe6 Rxe6 37. Qb8+ Kh7 38. Qxb5 Bxf2+ 39. Kh1 g6 40. Qc4 Bd4 41. Rf1 Kg7 42. Rf3 Qb4 43. Qxb4 cxb4 44. Rb1 Bc3 45. Kg1 Re4 46. Kf1 h5 47. Rf2 f5 48. Re2 Rf4+ 49. Rf2 Rd4 50. Ra2 Kf6 51. Ra6+ Kg5 52. h4+ Rxh4 53. g3 Rh1+ 0-1

[Event "Yangon Zaw Win Lay Memorial"]
[Site "Yangon"]
[Date "2014.11.25"]
[Round "3"]
[White "Arun Prasad, Subramanian"]
[Black "Myint, Han"]
[Result "1-0"]
[WhiteElo "2482"]
[BlackElo "2277"]
[PlyCount "55"]
[EventDate "2014.11.24"]
[EventType "swiss"]
[EventRounds "9"]
[EventCountry "MYA"]
[SourceTitle "EXT 2016"]
[Source "ChessBase"]
[SourceDate "2015.10.08"]
[SourceVersion "1"]
[SourceVersionDate "2015.10.08"]
[SourceQuality "1"]

1. d4 Nf6 2. c4 g6 3. Nc3 Bg7 4. e4 d6 5. Nf3 0-0 6. h3 e5 7. d5 Nbd7 8. Be3 Nc5 9. Nd2 a5 10. g4 c6 11. Be2 Nfd7 12. h4 a4 13. h5 Qa5 14. a3 Re8 15. Kf1 Qd8 16. g5 f5 17. hxg6 hxg6 18. exf5 gxf5 19. Bh5 Re7 20. Bg6 Nf8 21. Qh5 Nxg6 22. Qxg6 Nd3 23. Nde4 fxe4 24. Nxe4 Rf7 25. Nxd6 Qe7 26. Nxf7 Qxf7 27. Rh8+ Kxh8 28. Qxf7 1-0

[Event "Nay Pyi Taw"]
[Site "Nay Pyi Taw"]
[Date "2013.08.02"]
[Round "5"]
[White "Aung Aung, Aung Myo Hlaing"]
[Black "Myint, Han"]
[Result "0-1"]
[WhiteElo "2324"]
[BlackElo "2253"]
[PlyCount "70"]
[EventDate "2013.07.31"]
[EventType "tourn"]
[EventRounds "9"]
[EventCountry "MAS"]
[EventCategory "1"]
[SourceTitle "EXT 2014"]
[Source "ChessBase"]
[SourceDate "2013.11.20"]
[SourceVersion "1"]
[SourceVersionDate "2013.11.20"]
[SourceQuality "1"]

1. e4 c5 2. Nf3 d6 3. d4 cxd4 4. Nxd4 Nf6 5. Nc3 a6 6. Bc4 e6 7. a3 Nbd7 8. 0-0 Ne5 9. Ba2 Qc7 10. Kh1 Be7 11. f4 Nc4 12. f5 e5 13. Nde2 h6 14. Ng3 b5 15. Bxc4 Qxc4 16. Be3 Bb7 17. Qd3 Rc8 18. h3 0-0 19. Rf2 Rfd8 20. Rd1 d5 21. exd5 Qh4 22. Nge4 Nxd5 23. Qe2 Nxc3 24. Rxd8+ Rxd8 25. Nxc3 Qxh3+ 26. Kg1 Qg3 27. Bb6 Rd6 28. Qe3 Qxe3 29. Bxe3 f6 30. Rd2 Rxd2 31. Bxd2 Kf7 32. Kf2 Bc5+ 33. Kg3 Bc8 34. Ne4 Be7 35. Bb4 Bxf5 0-1

[Event "ASEAN-ch"]
[Site "Yangon"]
[Date "2012.10.26"]
[Round "8"]
[White "Myint, Han"]
[Black "Nguyen, Van Hai"]
[Result "1/2-1/2"]
[WhiteElo "2222"]
[BlackElo "2314"]
[PlyCount "29"]
[EventDate "2012.10.23"]
[EventType "tourn"]
[EventRounds "9"]
[EventCountry "MYA"]
[EventCategory "3"]
[SourceTitle "EXT 2013"]
[Source "ChessBase"]
[SourceDate "2012.11.22"]
[SourceVersion "1"]
[SourceVersionDate "2012.11.22"]
[SourceQuality "1"]

1. e4 e6 2. d4 d5 3. Nd2 Nf6 4. e5 Nfd7 5. Bd3 c5 6. c3 Nc6 7. Ne2 Qb6 8. Nf3 cxd4 9. cxd4 f6 10. exf6 Nxf6 11. 0-0 Bd6 12. Nc3 0-0 13. h3 Bd7 14. Be3 Rae8 15. a3 1/2-1/2

[Event "Yangon zt"]
[Site "Yangon"]
[Date "1998.12.14"]
[Round "7"]
[White "Myint, Han"]
[Black "Naing, Lin Aung"]
[Result "1-0"]
[WhiteElo "2260"]
[BlackElo "2190"]
[PlyCount "53"]
[EventDate "1998.12.??"]
[EventType "swiss"]
[EventRounds "9"]
[EventCountry "BUR"]
[SourceTitle "CBM 069"]
[Source "ChessBase"]
[SourceDate "1999.04.01"]
[SourceVersion "1"]
[SourceVersionDate "1999.04.01"]
[SourceQuality "1"]

1. e4 e5 2. Nf3 Nc6 3. Bb5 a6 4. Ba4 Nf6 5. 0-0 Be7 6. Re1 b5 7. Bb3 0-0 8. c3 d6 9. h3 Be6 10. d4 exd4 11. cxd4 Bxb3 12. axb3 h6 13. Nc3 Re8 14. d5 Ne5 15. Nd4 Bf8 16. f4 Ned7 17. Nc6 Qc8 18. e5 dxe5 19. fxe5 Nh7 20. Bf4 Bc5+ 21. Kh1 Ndf8 22. b4 Be7 23. Qf3 Qf5 24. d6 cxd6 25. Nxe7+ Rxe7 26. Qxa8 Qxf4 27. Nd5 1-0

[Event "Yangon zt"]
[Site "Yangon"]
[Date "1998.12.12"]
[Round "5"]
[White "Myint, Han"]
[Black "Nay, Oo Kyaw Tun"]
[Result "1/2-1/2"]
[WhiteElo "2260"]
[BlackElo "2395"]
[PlyCount "127"]
[EventDate "1998.12.??"]
[EventType "swiss"]
[EventRounds "9"]
[EventCountry "BUR"]
[SourceTitle "CBM 069"]
[Source "ChessBase"]
[SourceDate "1999.04.01"]
[SourceVersion "1"]
[SourceVersionDate "1999.04.01"]
[SourceQuality "1"]

1. e4 e5 2. Nf3 Nc6 3. Bb5 a6 4. Ba4 Nf6 5. 0-0 Be7 6. Re1 b5 7. Bb3 d6 8. c3 0-0 9. d3 Na5 10. Bc2 c5 11. Nbd2 Qc7 12. Nf1 Re8 13. Ng3 g6 14. h3 Bf8 15. Nh2 Bg7 16. Qf3 h5 17. Bg5 Nh7 18. Bd2 Bb7 19. Qe2 c4 20. Nf3 cxd3 21. Bxd3 d5 22. Rad1 Nc4 23. Bc1 Nd6 24. Bc2 dxe4 25. Nxe4 Rad8 26. Nxd6 Rxd6 27. Rxd6 Qxd6 28. Rd1 Qc6 29. Bb3 e4 30. Nd4 Qf6 31. Be3 Ng5 32. Qd2 Nh7 33. Ne2 Nf8 34. Nf4 Qf5 35. Qd6 Be5 36. Qb6 Bc8 37. Ne2 Qf6 38. a4 Qxb6 39. Bxb6 Be6 40. Bxe6 Rxe6 41. a5 Rd6 42. Rxd6 Bxd6 43. Nd4 Nd7 44. Kf1 f5 45. b3 Kf7 46. c4 bxc4 47. bxc4 Bc5 48. Bxc5 Nxc5 49. Ke2 f4 50. h4 Kf6 51. g3 g5 52. Kf1 Ke5 53. Nc6+ Kf5 54. Nd4+ Kg4 55. hxg5 Kxg5 56. gxf4+ Kxf4 57. Kg2 Nd3 58. Nb3 Ke5 59. Kg3 Nb2 60. Nc5 Nxc4 61. Nxa6 Kd4 62. Nc7 Nxa5 63. Ne6+ Ke5 64. Ng5 1/2-1/2

[Event "Yangon zt"]
[Site "Yangon"]
[Date "1998.12.10"]
[Round "2"]
[White "Myint, Han"]
[Black "Mas, Hafizulhelmi"]
[Result "1-0"]
[WhiteElo "2260"]
[BlackElo "2400"]
[PlyCount "77"]
[EventDate "1998.12.??"]
[EventType "swiss"]
[EventRounds "9"]
[EventCountry "BUR"]
[SourceTitle "CBM 069"]
[Source "ChessBase"]
[SourceDate "1999.04.01"]
[SourceVersion "1"]
[SourceVersionDate "1999.04.01"]
[SourceQuality "1"]

1. e4 c5 2. Nf3 d6 3. d4 cxd4 4. Nxd4 Nf6 5. Nc3 a6 6. Bg5 e6 7. f4 Nbd7 8. Qf3 Qc7 9. 0-0-0 b5 10. Bd3 Bb7 11. Rhe1 0-0-0 12. f5 e5 13. Nb3 Be7 14. Kb1 Kb8 15. a4 b4 16. Bxf6 Nxf6 17. Nd5 Nxd5 18. exd5 a5 19. Bb5 Rc8 20. Qd3 Bf6 21. Nd2 g6 22. Ne4 Bh4 23. Rf1 gxf5 24. Rxf5 Rhg8 25. g3 Bd8 26. Rc1 Rg4 27. c3 f6 28. h3 Rg6 29. g4 bxc3 30. Rxc3 Qb6 31. Bc6 Ba6 32. Qc2 Qg1+ 33. Ka2 Be7 34. Rb3+ Ka7 35. Rf2 Qe1 36. Rff3 Rc7 37. Rfe3 Qg1 38. Qc3 Bd8 39. Nxd6 1-0

[Event "Yangon zt"]
[Site "Yangon"]
[Date "1998.12.10"]
[Round "3"]
[White "Myint, Han"]
[Black "Nadera, Barlo A"]
[Result "0-1"]
[WhiteElo "2260"]
[BlackElo "2400"]
[PlyCount "94"]
[EventDate "1998.12.??"]
[EventType "swiss"]
[EventRounds "9"]
[EventCountry "BUR"]
[SourceTitle "CBM 069"]
[Source "ChessBase"]
[SourceDate "1999.04.01"]
[SourceVersion "1"]
[SourceVersionDate "1999.04.01"]
[SourceQuality "1"]

1. e4 e6 2. d4 d5 3. Nd2 a6 4. Ngf3 Nf6 5. Bd3 c5 6. e5 Nfd7 7. c3 Nc6 8. b3 Be7 9. 0-0 cxd4 10. cxd4 Qb6 11. Bb2 g5 12. h3 Nf8 13. Re1 Bd7 14. Nf1 0-0-0 15. Ne3 h5 16. a3 Kb8 17. b4 f6 18. exf6 Bxf6 19. Ne5 Be8 20. Qf3 Be7 21. Nf7 Bxf7 22. Qxf7 Rc8 23. Rac1 Qd8 24. Rc2 Bf6 25. Bg6 Rh6 26. Nxd5 exd5 27. Bf5 Rc7 28. Qe8 Re7 29. Qxd8+ Nxd8 30. Rc8+ Ka7 31. Rec1 Nfe6 32. Re1 Ng7 33. Rxe7 Bxe7 34. Bd7 Rd6 35. Ba4 Nde6 36. Rh8 Nf4 37. Bd1 Re6 38. Kf1 Nd3 39. Bc3 Rf6 40. f3 h4 41. Bd2 Nf5 42. Ke2 Nb2 43. Bc3 Re6+ 44. Kd2 Nc4+ 45. Kc1 Nxa3 46. Bb3 Rc6 47. Kd2 Nb1+ 0-1